000 01025nas a2200313 4500
001 BR9804740
003 BR-BrBNA
005 20231205101120.0
007 ta
008 230509b bl.|||p| |||| 00| 00por d
040 _aBR-BrBNA
_bpor
_cBiblioteca Nacional de Agricultura
041 _a(Pt)
072 _aK10
100 1 _aJardim, F.C. da S.
100 1 _aSouza, A.L. de
100 1 _aBarros, N.F. de
100 1 _aSilva, A.F. da
100 1 _aMachado, C.C.
100 1 _aSilva, E.
245 1 _aDinamica da vegetacao arborea com DAP maior ou igual a 5,0 cm em floresta desbastada por anelamento, na Estacao Experimental de Silvicultura Tropical do INPA, Manaus-AM
650 _aSilvicultura
650 _aDinamica Populacional
650 _aDesbaste
650 _aAnelagem
650 _aAmazonas
773 0 _tBoletim da Faculdade de Ciencias Agrarias do Para (Brazil)
_xISSN 0100-2694
_g(Jan-Jun 1996), (no. 25) p. 7-42
_wBR9804740
909 _a202311
_bLúcia
_c55
_dLúcia Elande
942 _2AGRIS
_n0
_cANA
999 _c159825
_d159825